000 00662nam a2200241 i 4500
001 C2-0102845
003 PPAK
005 20180727100350.0
008 970603s1994 my a|||| ||||| | may d
020 _a9839792288
040 _aPPAK
_beng
_cPPAK
_erda
082 0 4 _a297.61
_223
090 0 0 _a297.61
_bAMM
_dK
245 0 0 _aAmmar b. Yassir
264 1 _aSubang Jaya, Selangor :
_bAl - Kautsar ,
_c1994
300 _a24 pages :
_billustrations ;
_c22 cm
336 _2rdacontent
_atext
337 _2rdamedia
_aunmediated
338 _2rdacarrier
_avolume
650 1 0 _aIslamic leaders ; Islamic history
700 0 _aAfid Aufa,
_ecompile
942 _ddc
_cB
999 _c24107
_d24107